000 01030nam a22001937a 4500
005 20260123082956.0
008 230718b ||||| |||| 00| 0 eng d
040 _cSSBUL
_dSSBUL
082 _223
_a၇၈၂.၄၂ မင်း ၁၆၀၂၆ (S-SAT)
100 0 _aမင်းလဲ့ရီ၊
_cဒေါက်တာ။
_928121
245 1 0 _aကျေးလက်အလှသုခုမ /
_cဒေါက်တာမင်းလဲ့ရီ။
260 _aရန်ကုန်၊
_bအောင်တံခွန် ပုံနှိပ်တိုက်၊
_c၂၀၀၇။
300 _a၃၁၆ စာမျက်နှာ၊
_bဓာတ်ပုံ၊
_c၁၈ စင်တီ။
440 _aနိုင်ငံဂုဏ်ရည် စာစဉ်
_v၅၁။
_928122
500 _aကျမ်းကိုးစာရင်းပါရှိသည်။
500 _aS-SAT: Dr. Prof Sai Aung Tun
650 _aရိုးရာတေးသီချင်း
_zမြန်မာ။
_928123
942 _2ddc
_cBK1
999 _c27313
_d27313